[Event "GER Cup Net Final-C U1600"]
[Site "Playchess.com INT"]
[Date "2020.06.06"]
[Round "10"]
[White "Badrinarayanan, Harini"]
[Black "Dederichs, Wolfgang"]
[Result "1-0"]
[WhiteElo "1801"]
[BlackElo "1560"]
[PlyCount "123"]
[EventDate "2020.06.06"]
[EventType "swiss (blitz)"]
[EventRounds "13"]
[EventCountry "GER"]
[SourceTitle "CBM 197 Extra"]
[Source "ChessBase"]
[SourceDate "2020.09.30"]
[SourceVersion "1"]
[SourceVersionDate "2020.09.30"]
[SourceQuality "1"]

1. e4 c5 2. c4 Nc6 3. g3 Nf6 4. Nc3 e5 5. Bg2 d6 6. Nge2 Be7 7. 0-0 Bg4 8. f3 Be6 9. d3 0-0 10. f4 Bg4 11. h3 Bd7 12. f5 Nd4 13. a3 Qb6 14. Rb1 Rac8 15. b4 Rc7 16. b5 Rcc8 17. g4 h6 18. g5 hxg5 19. Bxg5 Qa5 20. Bxf6 Bxf6 21. Nd5 Nxe2+ 22. Qxe2 Qd8 23. a4 Ra8 24. a5 Re8 25. Qg4 Bg5 26. Rf3 Bh6 27. Rg3 Rf8 28. Qh5 Kh8 29. Kh2 Rg8 30. f6 Be6 31. Rg1 Kh7 32. fxg7 Rxg7 33. Rxg7+ Kxg7 34. Bf3+ Kh7 35. Bg4 Qg5 36. Bf5+ Bxf5 37. Rxg5 Bg6 38. Rxg6 fxg6 39. Qh4 Re8 40. Qf6 Rg8 41. Qxd6 Bf4+ 42. Nxf4 exf4 43. Qxf4 Rg7 44. Qh4+ Kg8 45. Qg5 Kh7 46. h4 Kg8 47. Kg3 Kf7 48. Kf4 Kg8 49. Qd8+ Kh7 50. Kg5 Rf7 51. Qd5 Rg7 52. Qxc5 Rf7 53. Qxa7 Rg7 54. Qc5 Rf7 55. a6 Rg7 56. axb7 Rxb7 57. Qc6 Rg7 58. b6 Rf7 59. b7 Rf5+ 60. exf5 gxf5 61. Kxf5 Kg7 62. b8Q 1-0

[Event "GER Cup Net Final-C U1600"]
[Site "Playchess.com INT"]
[Date "2020.06.06"]
[Round "13"]
[White "Schneider, Martin3333"]
[Black "Dederichs, Wolfgang"]
[Result "1/2-1/2"]
[WhiteElo "1552"]
[BlackElo "1560"]
[PlyCount "52"]
[EventDate "2020.06.06"]
[EventType "swiss (blitz)"]
[EventRounds "13"]
[EventCountry "GER"]
[SourceTitle "CBM 197 Extra"]
[Source "ChessBase"]
[SourceDate "2020.09.30"]
[SourceVersion "1"]
[SourceVersionDate "2020.09.30"]
[SourceQuality "1"]

1. e4 c5 2. Nf3 e6 3. d4 cxd4 4. Nxd4 a6 5. Nc3 Nc6 6. a4 Bb4 7. Nxc6 Bxc3+ 8. bxc3 dxc6 9. Qxd8+ Kxd8 10. e5 Bd7 11. Bg5+ f6 12. exf6 gxf6 13. Bh4 Kc7 14. 0-0-0 b5 15. axb5 cxb5 16. Be2 Bc6 17. f3 h6 18. Rd2 Rh7 19. Rhd1 Rg7 20. g3 e5 21. Rd6 Rd7 22. Rxd7+ Bxd7 23. Bd3 Bc6 24. Rf1 Kd6 25. Kd2 Bd5 26. Ke3 Rc8 1/2-1/2

[Event "GER Cup Net V2 U1600"]
[Site "Playchess.com INT"]
[Date "2020.05.22"]
[Round "1"]
[White "Birk, Wilfried Christoph"]
[Black "Dederichs, Wolfgang"]
[Result "1/2-1/2"]
[WhiteElo "1400"]
[BlackElo "1620"]
[PlyCount "119"]
[EventDate "2020.05.22"]
[EventType "swiss (blitz)"]
[EventRounds "9"]
[EventCountry "GER"]
[SourceTitle "EXT 2021"]
[Source "ChessBase"]
[SourceDate "2020.10.23"]
[SourceVersion "1"]
[SourceVersionDate "2020.10.23"]
[SourceQuality "1"]

1. d4 d6 2. Nf3 g6 3. Bf4 Bg7 4. e3 Nf6 5. h3 a6 6. c3 Bd7 7. Nbd2 0-0 8. Be2 b5 9. 0-0 c5 10. dxc5 dxc5 11. Bh2 Qc8 12. b3 Nh5 13. Rc1 Nc6 14. c4 b4 15. Ng5 Nf6 16. Bf3 Bh6 17. Bxc6 Bxc6 18. Ngf3 Bg7 19. Be5 Qe6 20. Bxf6 exf6 21. Rc2 Rad8 22. Qb1 f5 23. Ng5 Qf6 24. h4 h6 25. Ngf3 Qg5 26. hxg5 hxg5 27. Nxg5 Bh6 28. Ngf3 Kg7 29. Qb2+ Kh7 30. Nh4 Bg7 31. Ndf3 Bxb2 32. Ng5+ Kh6 33. Nxf7+ Rxf7 34. Rxb2 Rh8 35. Nf3 Kg7 36. Rd1 Kf6 37. Rbd2 Be4 38. Rd6+ Kg7 39. Rd7 Rhf8 40. Rxf7+ Rxf7 41. Ng5 Bc2 42. Rd2 Re7 43. Rxc2 Kh6 44. Nf3 Kh5 45. Kf1 Rd7 46. Ke2 Kg4 47. Ne5+ Kg5 48. Nxd7 Kh5 49. Rd2 g5 50. Nb8 a5 51. Rd5 Kg4 52. Rxc5 a4 53. bxa4 f4 54. exf4 gxf4 55. Rd5 b3 56. axb3 Kh4 57. c5 Kg4 58. c6 f3+ 59. gxf3+ Kf4 60. c7 1/2-1/2

[Event "GER-ch Net Amateur Gr-B Final"]
[Site "Playchess.com INT"]
[Date "2020.04.18"]
[Round "3"]
[White "Dederichs, Wolfgang"]
[Black "Friemel, Reinhard"]
[Result "1-0"]
[WhiteElo "1818"]
[BlackElo "1701"]
[PlyCount "79"]
[EventDate "2020.04.18"]
[EventType "swiss (blitz)"]
[EventRounds "13"]
[EventCountry "GER"]
[SourceTitle "CBM 195 Extra"]
[Source "ChessBase"]
[SourceDate "2020.05.31"]
[SourceVersion "1"]
[SourceVersionDate "2020.05.31"]
[SourceQuality "1"]

1. c4 e5 2. Nc3 g6 3. e4 Bg7 4. Be2 c5 5. Nf3 d6 6. d3 Ne7 7. 0-0 Nbc6 8. Bg5 h6 9. Bd2 0-0 10. Qc1 Kh7 11. b3 f5 12. Qa3 Be6 13. Nd5 fxe4 14. dxe4 Bxd5 15. cxd5 Nd4 16. Nxd4 exd4 17. Rac1 Ng8 18. f3 h5 19. b4 b6 20. Qa4 Bh6 21. Bxh6 Nxh6 22. Qc6 Qf6 23. bxc5 dxc5 24. Qb7+ Qf7 25. Qa6 Qf4 26. Rfe1 Rf7 27. a4 h4 28. a5 h3 29. gxh3 Qe3+ 30. Kg2 Raf8 31. Rf1 bxa5 32. Qd3 Qxd3 33. Bxd3 Rc7 34. d6 Rc6 35. e5 Nf5 36. Bxf5 Rxf5 37. d7 Rf8 38. Rfe1 d3 39. e6 d2 40. e7 1-0

[Event "GER-ch Net Amateur Gr-B Final"]
[Site "Playchess.com INT"]
[Date "2020.04.18"]
[Round "1"]
[White "Fock, Sana"]
[Black "Dederichs, Wolfgang"]
[Result "0-1"]
[WhiteElo "1711"]
[BlackElo "1818"]
[PlyCount "57"]
[EventDate "2020.04.18"]
[EventType "swiss (blitz)"]
[EventRounds "13"]
[EventCountry "GER"]
[SourceTitle "CBM 195 Extra"]
[Source "ChessBase"]
[SourceDate "2020.05.31"]
[SourceVersion "1"]
[SourceVersionDate "2020.05.31"]
[SourceQuality "1"]

1. e4 d6 2. d4 Nf6 3. Nc3 g6 4. f3 c6 5. Be3 b5 6. g4 Bg7 7. h4 0-0 8. Qd2 a5 9. h5 b4 10. Nd1 Ba6 11. Bxa6 Nxa6 12. Bh6 Bxh6 13. Qxh6 e5 14. hxg6 fxg6 15. Nf2 exd4 16. Ngh3 Qd7 17. g5 Ne8 18. Ng4 Rxf3 19. 0-0-0 Qxg4 20. Rdf1 Rxf1+ 21. Rxf1 Nec7 22. Nf4 Rf8 23. Kb1 Rxf4 24. Rh1 Rf7 25. Qh2 Qf3 26. a3 bxa3 27. bxa3 Qxa3 28. Qh3 Qxh3 29. Rxh3 0-1

[Event "GER-ch Net Amateur Gr-B Final"]
[Site "Playchess.com INT"]
[Date "2020.04.18"]
[Round "12"]
[White "Zeuner, Ole"]
[Black "Dederichs, Wolfgang"]
[Result "1-0"]
[WhiteElo "1906"]
[BlackElo "1818"]
[PlyCount "131"]
[EventDate "2020.04.18"]
[EventType "swiss (blitz)"]
[EventRounds "13"]
[EventCountry "GER"]
[SourceTitle "CBM 195 Extra"]
[Source "ChessBase"]
[SourceDate "2020.05.31"]
[SourceVersion "1"]
[SourceVersionDate "2020.05.31"]
[SourceQuality "1"]

1. d4 e6 2. e4 d5 3. Nd2 dxe4 4. Nxe4 Be7 5. Bd3 Nf6 6. Nf3 Bd7 7. 0-0 Bc6 8. Qe2 0-0 9. c3 Nxe4 10. Bxe4 Qd6 11. Ne5 Bxe4 12. Qxe4 Qd5 13. Qxd5 exd5 14. Bf4 Bd6 15. Rfe1 Rd8 16. Bg3 a5 17. Re2 a4 18. Rae1 Kf8 19. f4 b5 20. f5 f6 21. Nd3 Bxg3 22. hxg3 Nc6 23. Nc5 Rdc8 24. Re6 Re8 25. Kf2 Ne7 26. g4 Kf7 27. R6e2 Rad8 28. Ne6 Rd7 29. Rh1 h6 30. Rhe1 c6 31. Nf4 a3 32. b3 Rc8 33. b4 Rcc7 34. Ne6 Ra7 35. Nc5 Rd6 36. Kf3 Ng8 37. Re8 h5 38. gxh5 Re7 39. R8xe7+ Nxe7 40. g4 Rd8 41. Rh1 Nc8 42. h6 gxh6 43. Rxh6 Nb6 44. Ne6 Rd6 45. Rh7+ Ke8 46. Rh8+ Ke7 47. Rh7+ Ke8 48. g5 Rxe6 49. fxe6 fxg5 50. Kg4 Na4 51. Rh3 Nb2 52. Kxg5 Ke7 53. Kf5 Kd8 54. Kf6 Nc4 55. e7+ Kd7 56. Rh8 Nd6 57. e8Q+ Nxe8+ 58. Rxe8 Kxe8 59. Ke6 Kd8 60. Kd6 Kc8 61. Kxc6 Kd8 62. Kxd5 Ke7 63. Kc6 Ke6 64. d5+ Ke7 65. d6+ Kd8 66. d7 1-0

[Event "GER-ch Net Amateur Gr-B Vor3"]
[Site "Playchess.com INT"]
[Date "2020.04.16"]
[Round "6"]
[White "Riesner, Daniel"]
[Black "Dederichs, Wolfgang"]
[Result "1-0"]
[WhiteElo "2156"]
[BlackElo "1775"]
[PlyCount "69"]
[EventDate "2020.04.16"]
[EventType "swiss (blitz)"]
[EventRounds "9"]
[EventCountry "GER"]
[SourceTitle "CBM 195 Extra"]
[Source "ChessBase"]
[SourceDate "2020.05.31"]
[SourceVersion "1"]
[SourceVersionDate "2020.05.31"]
[SourceQuality "1"]

1. d4 Nf6 2. c4 e6 3. g3 d5 4. Nf3 dxc4 5. Bg2 Be7 6. 0-0 0-0 7. Qc2 a6 8. a4 Bd7 9. Qxc4 Bc6 10. Bf4 Bd6 11. Qc1 Nbd7 12. Nc3 Nh5 13. Bd2 Nhf6 14. Re1 Nb6 15. b3 Qe7 16. Qc2 Bb4 17. Rad1 Nbd5 18. Nxd5 Bxd5 19. Ne5 Bxd2 20. Rxd2 c6 21. e4 Nxe4 22. Bxe4 Bxe4 23. Qxe4 Qb4 24. Qc2 Rad8 25. Red1 Qe7 26. Qc4 Qf6 27. b4 Rd5 28. Ng4 Qf3 29. Ne3 Rh5 30. Qe2 Qxe2 31. Rxe2 b5 32. a5 Rd8 33. Rc2 Rc8 34. Rc5 Rxc5 35. dxc5 1-0

[Event "GER-ch Net Amateur Gr-B Vor2"]
[Site "Playchess.com INT"]
[Date "2020.04.15"]
[Round "9"]
[White "Spingat, Dirk"]
[Black "Dederichs, Wolfgang"]
[Result "1-0"]
[WhiteElo "1579"]
[BlackElo "1751"]
[PlyCount "117"]
[EventDate "2020.04.15"]
[EventType "swiss (blitz)"]
[EventRounds "9"]
[EventCountry "GER"]
[SourceTitle "CBM 196 Extra"]
[Source "ChessBase"]
[SourceDate "2020.07.31"]
[SourceVersion "1"]
[SourceVersionDate "2020.07.31"]
[SourceQuality "1"]

1. c4 c5 2. Nc3 Nc6 3. g3 g6 4. Bg2 Bg7 5. e4 Nf6 6. d3 0-0 7. Nge2 d6 8. 0-0 Bd7 9. h3 a6 10. a4 Ne8 11. f4 Nc7 12. f5 Rb8 13. Be3 b5 14. axb5 axb5 15. Qd2 b4 16. Nd5 Nxd5 17. exd5 Ne5 18. Be4 gxf5 19. Bxf5 Bxf5 20. Rxf5 Ng6 21. Bh6 Qd7 22. Raf1 Bxh6 23. Qxh6 f6 24. Nf4 Qxf5 25. Ne6 Rf7 26. Rxf5 Re8 27. Rf1 Ne5 28. Qe3 Ng6 29. h4 f5 30. h5 Ne5 31. Qg5+ Kh8 32. Rxf5 Rg8 33. Qf4 Rxf5 34. Qxf5 Rxg3+ 35. Kf2 Rf3+ 36. Qxf3 Nxf3 37. Kxf3 Kg8 38. Kf4 Kf7 39. Kg5 Kg8 40. b3 Kf7 41. Kh6 Kg8 42. Kg5 Kf7 43. h6 Kg8 44. Nd8 Kf8 45. Kf5 Ke8 46. Nc6 Kf7 47. Nb8 Ke8 48. Ke6 Kf8 49. Nc6 Ke8 50. Nxe7 Kf8 51. Nc8 Ke8 52. Nxd6+ Kd8 53. Nf7+ Ke8 54. Ng5 Kf8 55. Nxh7+ Kg8 56. Ng5 Kh8 57. d6 Kg8 58. d7 Kh8 59. d8Q# 1-0

[Event "GER-ch Net Amateur Gr-B Vor2"]
[Site "Playchess.com INT"]
[Date "2020.04.15"]
[Round "3"]
[White "Watermann, Bernd"]
[Black "Dederichs, Wolfgang"]
[Result "1-0"]
[WhiteElo "1523"]
[BlackElo "1814"]
[PlyCount "119"]
[EventDate "2020.04.15"]
[EventType "swiss (blitz)"]
[EventRounds "9"]
[EventCountry "GER"]
[SourceTitle "CBM 196 Extra"]
[Source "ChessBase"]
[SourceDate "2020.07.31"]
[SourceVersion "1"]
[SourceVersionDate "2020.07.31"]
[SourceQuality "1"]

1. d4 d5 2. e3 e6 3. f4 Qh4+ 4. g3 Qd8 5. Nf3 Nf6 6. Bd3 Bd6 7. c3 b6 8. 0-0 Bb7 9. Bd2 0-0 10. Ne5 Nbd7 11. Be1 Ne4 12. Nd2 Nxd2 13. Qxd2 f6 14. Nxd7 Qxd7 15. g4 f5 16. g5 Qf7 17. Be2 c5 18. h4 cxd4 19. exd4 Qd7 20. Bg3 a6 21. Kf2 b5 22. a3 Qc6 23. h5 Qd7 24. Rh1 Qe7 25. Bh4 Qe8 26. Rag1 b4 27. axb4 Rc8 28. g6 h6 29. Ra1 Rc6 30. b5 axb5 31. Bxb5 Qd7 32. Bxc6 Qxc6 33. Ra5 Qc7 34. Rha1 Bxf4 35. Qd3 Bd6 36. Qb5 Bc6 37. Qb3 e5 38. Ra7 Qd8 39. Bxd8 Rxd8 40. R7a6 Bd7 41. Rxd6 exd4 42. cxd4 f4 43. Qxd5+ Kh8 44. Rxd7 Rf8 45. Rf7 Re8 46. Raa7 f3 47. Rxg7 Re2+ 48. Kxf3 Rf2+ 49. Ke3 Re2+ 50. Kd3 Rd2+ 51. Ke4 Re2+ 52. Kf5 Rf2+ 53. Ke6 Rf6+ 54. Kd7 Rd6+ 55. Kc8 Rxd5 56. Rh7+ Kg8 57. Rag7+ Kf8 58. Rd7 Rc5+ 59. Kd8 Re5 60. Rh8# 1-0

[Event "GER-ch Net blitz qual3"]
[Site "Playchess.com INT"]
[Date "2020.03.21"]
[Round "1"]
[White "Dederichs, Wolfgang"]
[Black "Serbu, Daniel Elias"]
[Result "0-1"]
[WhiteElo "1603"]
[BlackElo "2348"]
[PlyCount "56"]
[EventDate "2020.03.21"]
[EventType "swiss (blitz)"]
[EventRounds "9"]
[EventCountry "GER"]
[SourceTitle "CBM 195 Extra"]
[Source "ChessBase"]
[SourceDate "2020.05.31"]
[SourceVersion "1"]
[SourceVersionDate "2020.05.31"]
[SourceQuality "1"]

1. c4 Nf6 2. g3 d5 3. cxd5 Nxd5 4. d4 g6 5. Bg2 Bg7 6. e4 Nb6 7. e5 Nc6 8. Ne2 Bg4 9. Nbc3 0-0 10. h3 Bf5 11. a3 h5 12. g4 hxg4 13. hxg4 Bxg4 14. Be4 Qd7 15. Be3 Rad8 16. d5 Nxe5 17. f4 Nec4 18. Bd4 e5 19. fxe5 Nxe5 20. Qc2 Bxe2 21. Qxe2 Qg4 22. 0-0-0 Qxe2 23. Nxe2 Ng4 24. Bxg7 Kxg7 25. Rd2 Nf2 26. Rh4 Nxe4 27. Rxe4 Rxd5 28. Rc2 c6 0-1

[Event "GER-ch Net blitz qual3"]
[Site "Playchess.com INT"]
[Date "2020.03.21"]
[Round "6"]
[White "Mittag, Ralf"]
[Black "Dederichs, Wolfgang"]
[Result "1/2-1/2"]
[WhiteElo "2089"]
[BlackElo "1603"]
[PlyCount "32"]
[EventDate "2020.03.21"]
[EventType "swiss (blitz)"]
[EventRounds "9"]
[EventCountry "GER"]
[SourceTitle "CBM 195 Extra"]
[Source "ChessBase"]
[SourceDate "2020.05.31"]
[SourceVersion "1"]
[SourceVersionDate "2020.05.31"]
[SourceQuality "1"]

1. c4 c5 2. Nc3 Nc6 3. g3 g6 4. Bg2 Bg7 5. e3 e6 6. Nge2 Nge7 7. 0-0 0-0 8. d4 cxd4 9. exd4 d5 10. c5 b6 11. Na4 Ba6 12. Be3 b5 13. Nac3 b4 14. Nb1 Bxe2 15. Qxe2 Nxd4 16. Qd2 Nef5 1/2-1/2

[Event "GER-ch Net blitz qual3"]
[Site "Playchess.com INT"]
[Date "2020.03.21"]
[Round "9"]
[White "Tiarks, Jann Christian"]
[Black "Dederichs, Wolfgang"]
[Result "1-0"]
[WhiteElo "2159"]
[BlackElo "1603"]
[PlyCount "57"]
[EventDate "2020.03.21"]
[EventType "swiss (blitz)"]
[EventRounds "9"]
[EventCountry "GER"]
[SourceTitle "CBM 195 Extra"]
[Source "ChessBase"]
[SourceDate "2020.05.31"]
[SourceVersion "1"]
[SourceVersionDate "2020.05.31"]
[SourceQuality "1"]

1. e4 c5 2. Nf3 Nc6 3. d4 cxd4 4. Nxd4 g6 5. c4 Bg7 6. Be3 Nf6 7. Nc3 0-0 8. Be2 d6 9. 0-0 Bd7 10. Qd2 Ng4 11. Bxg4 Bxg4 12. h3 Bd7 13. Rad1 Ne5 14. b3 a6 15. Nd5 e6 16. Nc3 f5 17. Bg5 Qc7 18. exf5 gxf5 19. Bh6 Rf7 20. Nce2 Raf8 21. Bxg7 Rxg7 22. Nf4 Re8 23. Rfe1 b6 24. Nh5 Rg6 25. Nf4 Rg7 26. Qe2 Qc8 27. Nh5 Rg6 28. Nf4 Rg7 29. Qd2 1-0

[Event "GER-ch Net blitz qual2"]
[Site "Playchess.com INT"]
[Date "2020.03.16"]
[Round "1"]
[White "Svane, Rasmus"]
[Black "Dederichs, Wolfgang"]
[Result "1/2-1/2"]
[WhiteElo "2613"]
[BlackElo "1603"]
[PlyCount "82"]
[EventDate "2020.03.16"]
[EventType "swiss (blitz)"]
[EventRounds "9"]
[EventCountry "GER"]
[SourceTitle "CBM 195 Extra"]
[Source "ChessBase"]
[SourceDate "2020.05.31"]
[SourceVersion "1"]
[SourceVersionDate "2020.05.31"]
[SourceQuality "1"]

1. Nf3 c5 2. c4 Nc6 3. Nc3 e6 4. g3 d6 5. Bg2 Nf6 6. d4 cxd4 7. Nxd4 Bd7 8. 0-0 Be7 9. Ndb5 Qb8 10. Bf4 Ne5 11. b3 a6 12. Nd4 0-0 13. Rc1 Nc6 14. Nxc6 Bxc6 15. Bxc6 bxc6 16. c5 Rd8 17. cxd6 Bxd6 18. Bxd6 Rxd6 19. Qc2 Qb4 20. Rfd1 Rad8 21. Rxd6 Rxd6 22. Rd1 g5 23. Rxd6 Qxd6 24. Na4 Nd7 25. Nb2 Ne5 26. Qe4 f5 27. Qe3 g4 28. Qc3 c5 29. Qc2 Qd4 30. Nc4 Nxc4 31. bxc4 Qd7 32. Qb2 Qa4 33. Qb8+ Kf7 34. Qc7+ Kg6 35. Qxc5 Qc2 36. Qc6 Kf6 37. Qxa6 Qb1+ 38. Kg2 Qe4+ 39. Kg1 Qb1+ 40. Kg2 Qe4+ 41. Kg1 Qb1+ 1/2-1/2

[Event "GER-ch Net blitz qual1"]
[Site "Playchess.com INT"]
[Date "2020.03.07"]
[Round "9"]
[White "Dederichs, Wolfgang"]
[Black "Graf, Lucas"]
[Result "0-1"]
[WhiteElo "1603"]
[BlackElo "1984"]
[PlyCount "114"]
[EventDate "2020.03.07"]
[EventType "swiss (blitz)"]
[EventRounds "9"]
[EventCountry "GER"]
[SourceTitle "CBM 195 Extra"]
[Source "ChessBase"]
[SourceDate "2020.05.31"]
[SourceVersion "1"]
[SourceVersionDate "2020.05.31"]
[SourceQuality "1"]

1. c4 c5 2. Nf3 g6 3. e4 Bg7 4. Be2 Nc6 5. 0-0 Nf6 6. d4 cxd4 7. e5 Ng4 8. Nxd4 Ngxe5 9. Be3 d6 10. Nc3 0-0 11. Nxc6 Nxc6 12. Rc1 Be6 13. Re1 Qa5 14. Qb3 Rfc8 15. Nd5 Rab8 16. Red1 Kf8 17. a4 Ne5 18. Qa3 Bxd5 19. Rxd5 Qd8 20. Bxa7 Ra8 21. Be3 Qe8 22. b3 Kg8 23. Qb4 Nc6 24. Qd2 Rab8 25. Bh6 Bh8 26. Bg4 Rd8 27. Be3 Ne5 28. Bh3 Qc6 29. Bd4 e6 30. Rb5 Rbc8 31. Bxe5 Bxe5 32. Qg5 Kg7 33. f4 Bf6 34. Qg4 Kh8 35. g3 Qc7 36. Bg2 Rb8 37. Bf3 d5 38. Kg2 Bg7 39. c5 Qe7 40. Rc2 Rbc8 41. Rb6 Re8 42. b4 f6 43. a5 e5 44. fxe5 fxe5 45. a6 e4 46. Rxb7 exf3+ 47. Qxf3 Qe6 48. Rf2 Qxa6 49. Qf7 Rg8 50. Ra7 Qc6 51. Qf3 d4 52. Qxc6 Rxc6 53. Rff7 Rcc8 54. Rab7 d3 55. Rfd7 Rcd8 56. Rxd8 Rxd8 57. Kf2 d2 0-1

[Event "GER-ch Net blitz qual1"]
[Site "Playchess.com INT"]
[Date "2020.03.07"]
[Round "2"]
[White "Dederichs, Wolfgang"]
[Black "Heun, Andreas"]
[Result "0-1"]
[WhiteElo "1603"]
[BlackElo "1667"]
[PlyCount "148"]
[EventDate "2020.03.07"]
[EventType "swiss (blitz)"]
[EventRounds "9"]
[EventCountry "GER"]
[SourceTitle "CBM 195 Extra"]
[Source "ChessBase"]
[SourceDate "2020.05.31"]
[SourceVersion "1"]
[SourceVersionDate "2020.05.31"]
[SourceQuality "1"]

1. c4 Nf6 2. Nc3 c5 3. g3 Nc6 4. Bg2 g6 5. e3 Bg7 6. a3 0-0 7. Nge2 d6 8. 0-0 Bg4 9. Qb3 Qd7 10. Nf4 e5 11. Nfd5 Nxd5 12. cxd5 Ne7 13. e4 Rab8 14. Qc2 Bh3 15. d3 Bxg2 16. Kxg2 h5 17. Be3 f5 18. Bd2 f4 19. f3 fxg3 20. hxg3 Rf7 21. Be3 Rbf8 22. Rae1 Kh7 23. Qe2 Bh6 24. Bxh6 Kxh6 25. Qe3+ Kg7 26. Re2 Ng8 27. Ref2 Nf6 28. a4 h4 29. Qg5 h3+ 30. Kh2 Nh5 31. Nd1 a6 32. Ne3 Qe7 33. Qg4 Nf6 34. Qxh3 Rh8 35. Qxh8+ Kxh8 36. Kg2 Kg7 37. Rh1 Nh5 38. Ng4 b5 39. axb5 axb5 40. Ra1 c4 41. dxc4 bxc4 42. Rc1 Nf6 43. Ne3 Nh5 44. Rxc4 Qg5 45. Ng4 Nf6 46. Ne3 Nh5 47. Ng4 Nf6 48. Nxf6 Rxf6 49. Rc7+ Rf7 50. Rc6 Rd7 51. b3 Qe3 52. b4 Qb3 53. Rb6 Kh6 54. Rb8 Kg5 55. Rb6 Qe3 56. Rb8 Rc7 57. b5 Qb3 58. b6 Rc2 59. Rd8 Rxf2+ 60. Kxf2 Qxb6+ 61. Kg2 Qxd8 62. f4+ exf4 63. gxf4+ Kxf4 64. Kf2 Qa5 65. Ke2 Qc3 66. Kd1 Kxe4 67. Ke2 Qd3+ 68. Ke1 g5 69. Kf2 g4 70. Kg2 Qf3+ 71. Kg1 Ke3 72. Kh2 g3+ 73. Kg1 Qf2+ 74. Kh1 Qh2# 0-1